000 00324nam a2200145Ia 4500
005 20250514011411.0
008 240331s9999 xx 000 0 und d
082 _a200.042
_bPER
100 _aPerera, P
245 0 _aApi budu wenawa
260 _aColombo
_bPear perera
300 _a60 p .,
650 _aBuddhism
942 _cL
999 _c791
_d791